Normal view
MARC view
- Brown, Jason .C:Robertson, A. John:Serpento, Stan .T
Entry Personal Name
001 - CONTROL NUMBER
- control field: 63894
003 - CONTROL NUMBER IDENTIFIER
- control field: NUST
005 - DATE AND TIME OF LATEST TRANSACTION
- control field: 20210628203207.0
008 - FIXED-LENGTH DATA ELEMENTS
- fixed length control field: 210628|| aca||aabn | a|a d
040 ## - CATALOGING SOURCE
- Original cataloging agency: NUST
- Transcribing agency: NUST
100 ## - HEADING--PERSONAL NAME
- Personal name: Brown, Jason .C:Robertson, A. John:Serpento, Stan .T
670 ## - SOURCE DATA FOUND
- Source citation: Work cat.: (NUST): Brown, Jason .C:Robertson, A. John:Serpento, Stan .T, Motor vehicle structures;concepts and fundamentals, 2002
